000 02557nam a22002177a 4500
100 _aPradeep, B.
245 _aMapping the recent pattern of rubber area expansion in North East India through earth observation satellite data
260 _bRubber Science, 36(1)
_c2023
300 _a14-27.
520 _aPhysiography, climate and soil play a crucial role in the growth and yield of natural rubber (Hevea brasiliensis). Tripura and Assam are the two major rubber producing states, which account for 88 per cent of total natural rubber production in North East India. In this study, the recent pattern of expansion of rubber area in Tripura and Assam according to elevation was monitored using Sentinel 2 satellite data as of 2021-2022 and high-resolution Cartosat I satellite data as of 2010-2011. In the last decade, rubber area had expanded substantially in both the states. Satellite derived spatial extent of rubber area in Tripura was estimated to be around 1,12,455 ha in 2021-2022. From 2010 to 2021, about 64,084 ha of rubber area were expanded in the state at a rate of 5826 ha year-1. In 2021-2022, there was 41,414 ha of rubber area in Assam, an expansion of about 24,544 ha compared to high-resolution estimates from 2010-2011, at 2231 ha year-1. Rubber area in these states expanded substantially to higher elevations between 2010 and 2021; around 77 per cent of the area expansion occurred between 50 and 100 m in Tripura and 55 per cent of area above 100 m in Assam. Assam showed considerable expansion of rubber area to higher elevations than Tripura. Delineating the area by elevation is vital in order to select rubber clones suitable for higher elevations as well as to predict yield in the newly expanded regions. Monitoring spatial and temporal expansion of the rubber area would also help to assess and develop plans for sustainable management of rubber plantations and monitoring land use changes. Rubber plantation expansion is promoted in the North-eastern states of India to increase domestic natural rubber production and enhance socio-economic status of people in the region. Geospatial datasets derived from the current study can help to monitor future changes in rubber plantation expansion in the North-eastern part of India.
650 _aCartosat 1
650 _aElevation
650 _aRubber plantations
650 _aSentinel 2
650 _aSpatial and temporal expansion
650 _aSustainable livelihood
650 _aNorth East India
700 _aJessy, M.D
700 _aAmrutha, K.S.
942 _cJS
999 _c75049
_d75049